कलकत्ते के पास ही / (Record no. 116223)

MARC details
000 -LEADER
fixed length control field 01228nam a22002657a 4500
005 - DATE AND TIME OF LATEST TRANSACTION
control field 20170124103036.0
010 ## - LIBRARY OF CONGRESS CONTROL NUMBER
LC control number A-588678
020 ## - INTERNATIONAL STANDARD BOOK NUMBER
Terms of availability 100.00
International Standard Book Number 8172011497
035 ## - SYSTEM CONTROL NUMBER
System control number A-588678
037 ## - SOURCE OF ACQUISITION
Source of stock number/acquisition Cen Lib/Ret
040 ## - CATALOGING SOURCE
Original cataloging agency DPL
Language of cataloging HN
082 ## - DEWEY DECIMAL CLASSIFICATION NUMBER
Classification number
Item number मित्रग
100 ## - MAIN ENTRY--PERSONAL NAME
Personal name मित्र, गजेन्द्र कुमार
9 (RLIN) 45280
245 ## - TITLE STATEMENT
Title कलकत्ते के पास ही /
Statement of responsibility, etc गजेन्द्र कुमार मित्र ; अनुवादक मनमोहन दास
246 ## - VARYING FORM OF TITLE
Title proper/short title Kalkatte ki pas hi /
Remainder of title by Gajendra Kumar Mitr ; anuvadak Manmohan Das
260 ## - PUBLICATION, DISTRIBUTION, ETC. (IMPRINT)
Place of publication, distribution, etc नयी दिल्ली
Name of publisher, distributor, etc साहित्य अकेडमी
Date of publication, distribution, etc 1992
270 ## - ADDRESS
City नयी दिल्ली
Address रवींद्र भवन,35, फिरोजशाह मार्ग
Postal code 110001
300 ## - PHYSICAL DESCRIPTION
Extent 336पृ.
Dimensions 19सेमी (सजिल्द)
650 ## - SUBJECT ADDED ENTRY--TOPICAL TERM
Topical term or geographic name as entry element बांग्ला साहित्य
9 (RLIN) 65409
650 ## - SUBJECT ADDED ENTRY--TOPICAL TERM
Topical term or geographic name as entry element बांग्ला उपन्यास
9 (RLIN) 65410
650 ## - SUBJECT ADDED ENTRY--TOPICAL TERM
Topical term or geographic name as entry element Bangla literature
9 (RLIN) 65411
650 ## - SUBJECT ADDED ENTRY--TOPICAL TERM
Topical term or geographic name as entry element Bangla fiction
9 (RLIN) 56120
700 ## - ADDED ENTRY--PERSONAL NAME
Personal name दास, मनमोहन
9 (RLIN) 65412
942 ## - ADDED ENTRY ELEMENTS (KOHA)
Source of classification or shelving scheme Dewey Decimal Classification
Koha item type Hindi Books
Classification part
Call number suffix मित्रग
Holdings
Withdrawn status Lost status Damaged status Not for loan Home library Current library Date acquired Source of acquisition Cost, normal purchase price Total Checkouts Full call number Barcode Date last seen Copy number Cost, replacement price Price effective from Koha item type
        Central Library Central Library 22/08/2015 Cen Lib/Ref 100.00   उ मित्रग A-588678 22/08/2015 1 100.00 22/08/2015 Hindi Books

© Delhi Public Library
Hit Counter
free hit counter